00286nam a2200109Ia 4500008004000000082002000040100001900060245002400079260004100103300000800144650002400152210210b1970 xxu||||| |||| 00| 0 eng d a796.358092 EDRR aEDRICH (John). aRuns in the family. aBombaybJaico Publishing Housec1970 a158 aEdrich John cricket